000 00621nam a2200181Ia 4500
008 151018s9999 xx 000 0 und d
082 _bRBASDV9672
_a891.463
100 _aइडगार बरोज राईस
245 _aटारझन भाग-५ वा
250 _b2
260 _bभारतीय प्रकाशन संस्था
_c1969
300 _a97
600 _aइडगार बरोज राईस
630 _aटारझन भाग-५ वा
700 _aइडगार बरोज राईस
730 _aटारझन भाग-५ वा
942 _cBOOK
999 _c1012036
_d1012033